Animals Of The World / (Record no. 178264)
[ view plain ]
| 000 -LEADER | |
|---|---|
| fixed length control field | 00591 a2200193 4500 |
| 003 - CONTROL NUMBER IDENTIFIER | |
| control field | dpl |
| 005 - DATE AND TIME OF LATEST TRANSACTION | |
| control field | 20210323170714.0 |
| 008 - FIXED-LENGTH DATA ELEMENTS--GENERAL INFORMATION | |
| fixed length control field | 210323b ||||| |||| 00| 0 eng d |
| 020 ## - INTERNATIONAL STANDARD BOOK NUMBER | |
| International Standard Book Number | 9781405466769 |
| 035 ## - SYSTEM CONTROL NUMBER | |
| System control number | B-221000 |
| 040 ## - CATALOGING SOURCE | |
| Transcribing agency | DBAD/PUB |
| 082 14 - DEWEY DECIMAL CLASSIFICATION NUMBER | |
| Classification number | 591 |
| Item number | WAL |
| 100 ## - MAIN ENTRY--PERSONAL NAME | |
| Personal name | Walters, Martin |
| 245 1# - TITLE STATEMENT | |
| Title | Animals Of The World / |
| Statement of responsibility, etc | Martin Walters and Jinny Johnson |
| 260 ## - PUBLICATION, DISTRIBUTION, ETC. (IMPRINT) | |
| Place of publication, distribution, etc | UK |
| Name of publisher, distributor, etc | Parragon |
| Date of publication, distribution, etc | 2007 |
| 270 ## - ADDRESS | |
| Address | Parragon Queen Street house 4 Queen Street Bath BA1 1HE , UK |
| City | UK |
| 300 ## - PHYSICAL DESCRIPTION | |
| Extent | 144p. |
| Other physical details | col. photos |
| Dimensions | 23 cm (HB) |
| 942 ## - ADDED ENTRY ELEMENTS (KOHA) | |
| Institution code [OBSOLETE] | dpl |
| Koha item type | English Books |
| Source of classification or shelving scheme | Dewey Decimal Classification |
| Classification part | 591 |
| Call number suffix | WAL |
| Withdrawn status | Lost status | Source of classification or shelving scheme | Damaged status | Not for loan | Collection code | Home library | Current library | Date acquired | Total Checkouts | Total Renewals | Full call number | Barcode | Date last seen | Date checked out | Copy number | Price effective from | Koha item type |
|---|---|---|---|---|---|---|---|---|---|---|---|---|---|---|---|---|---|
| Dewey Decimal Classification | Non-fiction | Central Library | Central Library | 23/03/2021 | 1 | 2 | 591 WAL | B-221000 | 11/06/2021 | 12/04/2021 | 1 | 23/03/2021 | Children Books |
